[Event "COL-ch"]
[Site "Ibague"]
[Date "2013.07.05"]
[Round "8"]
[White "Culma, Ruben"]
[Black "Beltran, Carlos Armando"]
[Result "0-1"]
[WhiteElo "2029"]
[BlackElo "2237"]
[PlyCount "102"]
[EventDate "2013.07.01"]
[EventType "swiss"]
[EventRounds "11"]
[EventCountry "COL"]
[SourceTitle "EXT 2014"]
[Source "ChessBase"]
[SourceDate "2013.11.20"]
[SourceVersion "1"]
[SourceVersionDate "2013.11.20"]
[SourceQuality "1"]

1. d4 e6 2. Bf4 Nf6 3. e3 c5 4. c3 Qb6 5. Qb3 Qxb3 6. axb3 Nc6 7. h3 b6 8. Nd2 Bb7 9. Ngf3 Be7 10. Bd3 cxd4 11. exd4 0-0 12. 0-0 h6 13. Bh2 d6 14. Rfe1 Rfd8 15. Ba6 Bxa6 16. Rxa6 Nd5 17. b4 Nc7 18. Raa1 Kf8 19. Nc4 Rab8 20. Re2 Rb7 21. g4 b5 22. Na5 Nxa5 23. Rxa5 Nd5 24. Nd2 Rdd7 25. Nb3 Bd8 26. Ra6 Rb6 27. Ra5 Ke7 28. f4 Rc6 29. Rxb5 Rxc3 30. Na5 Rc1+ 31. Kg2 Nb6 32. d5 a6 33. Nc6+ Kf6 34. dxe6 axb5 35. exd7 Rxc6 36. Re8 Nxd7 37. Rxd8 Ke7 38. Ra8 Rc2+ 39. Kg1 Rxb2 40. Ra7 Rxb4 41. Bg3 Rb1+ 42. Kg2 b4 43. h4 b3 44. Rb7 Kd8 45. h5 Kc8 46. Rb5 Kc7 47. g5 Kc6 48. Rb4 Nc5 49. f5 f6 50. g6 Nd3 51. Rb8 b2 0-1

[Event "COL-ch"]
[Site "Ibague"]
[Date "2013.07.05"]
[Round "7"]
[White "Trujillo, Luis Angel"]
[Black "Culma, Ruben"]
[Result "0-1"]
[WhiteElo "1682"]
[BlackElo "2029"]
[PlyCount "98"]
[EventDate "2013.07.01"]
[EventType "swiss"]
[EventRounds "11"]
[EventCountry "COL"]
[SourceTitle "EXT 2014"]
[Source "ChessBase"]
[SourceDate "2013.11.20"]
[SourceVersion "1"]
[SourceVersionDate "2013.11.20"]
[SourceQuality "1"]

1. e4 c5 2. Nf3 d6 3. d4 cxd4 4. Nxd4 Nf6 5. Nc3 a6 6. Bc4 e6 7. Be3 Bd7 8. 0-0 b5 9. Bd3 Nc6 10. Nf3 Be7 11. a3 0-0 12. Rc1 Rc8 13. Qd2 Qc7 14. Rfd1 Rfd8 15. Ne2 d5 16. exd5 Nxd5 17. Bg5 Nf6 18. c3 Be8 19. Qc2 h6 20. Bh4 Na5 21. Bg3 Bd6 22. Bh4 g5 23. Bg3 Bc6 24. Bxd6 Rxd6 25. Ned4 Ba8 26. Qe2 Nc4 27. Ne5 Nd5 28. g3 Nf6 29. Bxc4 bxc4 30. Rc2 Be4 31. Rcd2 Bd5 32. Ng4 Nxg4 33. Qxg4 Rcd8 34. Qe2 Ba8 35. Qe3 Qe7 36. f3 Qf6 37. f4 g4 38. Qe2 Qg6 39. Nb3 Rd3 40. Nd4 Bf3 41. Nxf3 gxf3 42. Qf2 Rxd2 43. Qxd2 Rxd2 44. Rxd2 Qe4 45. Kf2 a5 46. Rd8+ Kg7 47. Rd2 h5 48. h3 a4 49. Kf1 Qe3 0-1

[Event "COL-ch"]
[Site "Ibague"]
[Date "2013.07.04"]
[Round "6"]
[White "Culma, Ruben"]
[Black "Castaneda, Jorge Luis"]
[Result "1/2-1/2"]
[WhiteElo "2029"]
[BlackElo "2199"]
[PlyCount "140"]
[EventDate "2013.07.01"]
[EventType "swiss"]
[EventRounds "11"]
[EventCountry "COL"]
[SourceTitle "EXT 2014"]
[Source "ChessBase"]
[SourceDate "2013.11.20"]
[SourceVersion "1"]
[SourceVersionDate "2013.11.20"]
[SourceQuality "1"]

1. d4 Nf6 2. c4 e6 3. Nc3 Bb4 4. e3 c5 5. Nf3 Nc6 6. Bd3 Bxc3+ 7. bxc3 d6 8. 0-0 e5 9. d5 Ne7 10. Qc2 Bd7 11. h3 h6 12. Nd2 Qc7 13. f4 exf4 14. exf4 0-0-0 15. Nf3 Rde8 16. Bd2 g6 17. Rae1 Bf5 18. g4 Bxd3 19. Qxd3 h5 20. g5 Nh7 21. Nh4 Rhg8 22. Kh2 Qd7 23. Rf2 Nf5 24. Nf3 Rxe1 25. Bxe1 Re8 26. Re2 Nf8 27. Bf2 Rxe2 28. Qxe2 Qe7 29. Qxe7 Nxe7 30. Nd2 Nd7 31. Kg3 Kc7 32. Kf3 Nf5 33. h4 a6 34. Ke4 Nb6 35. Kd3 Na4 36. Kc2 Ne7 37. Kb3 Nb6 38. Ne4 Nd7 39. a4 Nf5 40. Nd2 Kb6 41. Ka3 Ka5 42. Nb3+ Kb6 43. Nd2 Kc7 44. Kb3 Ne7 45. Ne4 b6 46. Bg3 Nf5 47. Bf2 Kd8 48. Kc2 b5 49. cxb5 axb5 50. axb5 Nb6 51. Kb3 Nxd5 52. Ka4 Kc7 53. Ka5 Nxf4 54. c4 Nd3 55. Ka6 Kb8 56. b6 Nxf2 57. Nf6 Ne7 58. Nd7+ Kc8 59. b7+ Kxd7 60. b8Q Nd3 61. Qb7+ Ke6 62. Qe4+ Ne5 63. Kb7 Kd7 64. Kb6 Nc8+ 65. Kb7 Ne7 66. Ka6 N7c6 67. Kb6 Nd8 68. Qd5 Ndc6 69. Kb5 Nd4+ 70. Kb6 Ndc6 1/2-1/2